| 000 | 00854nam a2200229 a 4500 | ||
|---|---|---|---|
| 001 | BRCA_7983 | ||
| 005 | 20190320210100.0 | ||
| 008 | 130314s1973----nyua###f##---#000-0#eng-# | ||
| 041 | _aeng | ||
| 044 | _anyu | ||
| 245 | 1 | 0 |
_aThe New Yorker _bintroducing spring another great season from mother nature _cPeter F. Fleishman, chairman and president ; David D. Michael, publisher. |
| 260 |
_aNew York _bThe New Yorker Magazine _c1973 |
||
| 300 |
_a3 fascículos _bil. (algunas a color) _c29 cm. |
||
| 500 | _a309 | ||
| 500 | _aRevistas inventariadas como un sólo libro por el Banco de México | ||
| 500 | _aNo.1, 24 marzo, 1973 No.2, 31 marzo, 1973 No.3, 7 abril, 1973 | ||
| 650 | 1 | 4 |
_aModas _vRevistas _zEstados Unidos (New York) _919800 |
| 700 | 1 |
_aFleishman, Peter F. _919801 |
|
| 700 | 1 |
_aMichael, David D. _919802 |
|
| 902 | _aGFM | ||
| 942 |
_2lcc _cB |
||
| 999 |
_c7652 _d7652 |
||